=LDR 00000nam 2200000 4500 =001 000638 =005 20250711055436 =035 ##$$a 0010-0725000506 =007 ta =008 250711################a##########0#ind## =020 ##$$a 978-602-1101-59-9 =100 #$$a Lestari Puji =245 1#$$a Bayoi /$c Puji Lestari =250 ##$$a Cetakan Pertama =260 ##$$a Bandung Barat :$b Badan Pengembangan dan Pembinaan Bahasa,$c 2021 =300 ##$$a 20 hlm. : $b Ilus. ; $c 29,7 cm =856 ##$$a TBM As-Suhada =082 ##$$a 398. 209 598 =084 ##$$a 398. 209 598 LES b =990 ##$$a TBM202400406